<?xml version="1.0" encoding="UTF-8"?>
<collection xmlns="http://www.loc.gov/MARC21/slim">
  <record>
    <leader>00000nam  2200000   4500</leader>
    <controlfield tag="001">INLIS000000000001034</controlfield>
    <controlfield tag="005">20220607025231</controlfield>
    <datafield tag="035" ind1="#" ind2="#">
      <subfield code="a">0010-1221000257</subfield>
    </datafield>
    <datafield tag="245" ind1="1" ind2="#">
      <subfield code="a">Pengaruh Sistem Pendistribusian PT. Lingkar Kreasi Mandiri Terhadap Peningkatan Penjualan Produk Sari Roti Di Alfa Mart dan Alfa Midi Kota Makassar :</subfield>
      <subfield code="b">Tugas Akhir /</subfield>
      <subfield code="c">Cici Permata Sari</subfield>
    </datafield>
    <datafield tag="100" ind1=" " ind2="#">
      <subfield code="a">CICI Permata Sari</subfield>
    </datafield>
    <datafield tag="250" ind1="#" ind2="#">
      <subfield code="a">2021</subfield>
    </datafield>
    <datafield tag="300" ind1="#" ind2="#">
      <subfield code="a">xi, 38 halaman :</subfield>
      <subfield code="b">Tabel; gambar ;</subfield>
      <subfield code="c">20,7x28,8 cm</subfield>
    </datafield>
    <datafield tag="856" ind1="#" ind2="#">
      <subfield code="a">OPAC (Rak TA TIA 2021)</subfield>
    </datafield>
    <datafield tag="260" ind1="#" ind2="#">
      <subfield code="a">Makassar :</subfield>
      <subfield code="b">Politeknik ATI Makassar - Teknik Industri Agro,</subfield>
      <subfield code="c">2021</subfield>
    </datafield>
    <datafield tag="082" ind1="#" ind2="#">
      <subfield code="a">(R)2021 TA-TIA 818</subfield>
    </datafield>
    <datafield tag="084" ind1="#" ind2="#">
      <subfield code="a">(R)2021 TA-TIA 818 CIC p</subfield>
    </datafield>
    <datafield tag="650" ind1="#" ind2="4">
      <subfield code="a">Tugas Akhir TIA 2021</subfield>
    </datafield>
    <controlfield tag="008">220607################|##########|#|##</controlfield>
    <datafield tag="520" ind1="#" ind2="#">
      <subfield code="a">PT. Lingkar Kreasi Mandiri merupakan perusahaan distribusi bergerak di bidang supplier barang dan jasa. Sistem distribusi merupakan salah satu upaya yang dapat dilakukan untuk menyalurkan barang dari produsen sampai ke konsumen. Sistem distribusi mempunyai hubungan erat dengan volume penjualan. Sistem distribusi yang maksimal dari para penyedia produk akan meningkatkan volume penjualan dan memberikan suatu dorongan kepada pelanggan untuk menjalin hubungan yang kuat dengan perusahaan. Berdasarkan hasil interview yang dilakukan Pada PT. Lingkar Kreasi Mandiri ada beberapa faktor yang dapat menjadi kendala dalam pendistribusian antara lain yang pertama faktor keterlambatan pendistribusian barang dan jasa. Penelitian ini bertujuan untuk mengatahui bagaimana pengaruh sistem pendistribusian terhadap peningkatan penjualan produk Sari Roti. Manfaat penelitian ini secara teoretis mampu memberikan sumbangan pemikiran bagi pengembangan sistem pendistribusian. Manfaat secara paraktis diharapkan dapat dijadikan bahan evaluasi pada perusahaan mengenai sistem pendistribusian untuk meningkatkan penjualan. Metode penelitian yang digunakan adalah metode kuantitatif, dengan pengambilan sampel menggunakan rumus slovin sehingga di dapatkan sampel sebanyak 71 responden dari karyawan Alfa Mart &amp; Alfa Midi. Berdasarkan analisis dengan regresi linier sederhana uji T dan determinasi (R2 ) dengan variabel X yaitu Sistem distribusi dan variabel Y yaitu Volume Penjualan. Berdasarkan dari hasil penelitian, dari hasil uji R dinyatakan bahwa distribusi memiliki pengaruh terhadap volume penjualan sebesar = 71,2 %. apabila Thitung &gt; Ttabel (8,41% &gt; 1,99%) artinya terdapat pengaruh sistem distribusi terhadap volume penjualan secara signifikan dan berkorelasi positif.</subfield>
    </datafield>
    <datafield tag="990" ind1="#" ind2="#">
      <subfield code="a">177/TA TIA 2021</subfield>
    </datafield>
  </record>
</collection>
